000
003000000a22000970004500
100
1
_a
Lopes, Nicodemus Augustus
245
1
0
_a
La cuestión decisiva : ¿Qué dice la biblia sobre la ordenación de la mujer?
300
_a
Vol. 6, Núm 2 (2004), Páginas 18-33
773
0
_t
Reforma Siglo 21
942
_c
ANA
999
_c
52971
_d
52971